000 00286nam a22001337a 4500
020 _a0-521-68429-3
082 _a425
_bDOF/T
100 _aDOFF,ADRIAN
245 _aTEACH ENGLISH
260 _bCAMBRIDGE UNIVERSITY PRESS
300 _a286
650 _aTRAINER'S HAND BOOK
942 _cBK
999 _c3956
_d3956